000 01263nam a2200265Ia 4500
999 _c54323
_d54323
001 21379
003 GE_BSU
005 20211104163200.0
008 181216s2017||||ge |||||||||||||| ||geo||
020 _a9789941271045
040 _cGE_BSU
041 _ageo
080 _a39 გ-13
100 _aგაბუნია, სალომე
_912831
245 _aშედარებითი მეთოდი ეთნოლოგიაში /
_cსალომე გაბუნია, ლია მელიქიშვილი ; რედ. რ. მეტრეველი.
264 _aთბილისი :
_b[?],
_c201.
300 _a225გვ. 21სმ. ილ.
504 _aბიბლიოგრაფია ტექსტების ბოლოს ; ცხრ. გვ. : 220-223
541 _h10 ლ.
653 _aშედარებითი მეთოდი ეთნოლოგიაში
700 _aმელიქიშვილი, ლია
_eავტორი
_9159
700 _aმეტრეველი, მ.
_eრედაქტორი
_910672
710 _aსაქართველოს მეცნიერებათა ეროვნული აკადემია
_91136
942 _cBK
_2udc